Cómo formular trabajos científicos en las ciencias agropecuarias /
Guardado en:
| Autor Principal: | |
|---|---|
| Formato: | Libro |
| Idioma: | Spanish |
| Publicado: |
Buenos Aires :
Hemisferio Sur,
2008.
|
| Etiquetas: |
Agregar Etiqueta
Sin Etiquetas, Sea el primero en etiquetar este registro!
|
| LEADER | 00526nam a22001455a 4500 | ||
|---|---|---|---|
| 001 | EEA.libagro008262 | ||
| 005 | 20161102114816.0 | ||
| 008 | 130809s2008####ag#a##########000#0#spa#d | ||
| 020 | |a 9789505046010 | ||
| 082 | 0 | 4 | |a 630.207 |
| 100 | 1 | |a Plencovich, María Cristina. | |
| 245 | 1 | 0 | |a Cómo formular trabajos científicos en las ciencias agropecuarias / |c María Cristina Plencovich ... [et al.]. |
| 260 | |a Buenos Aires : |b Hemisferio Sur, |c 2008. | ||
| 300 | |a 356 p. : |b il. ; |c 25 cm. | ||
| 859 | |a AR-BbBCA |b BIB. AGRONOMIA |h 630.207 |i P725 |p 2009/5651 | ||
